Die Qumran-Essener: Texte der Schriftrollen und Lebensbild der Gemeinde.
Saved in:
| Hovedforfatter: | |
|---|---|
| Andre forfattere: | |
| Format: | Bog |
| Udgivet: |
München, Deutschland:
Ernst Reinhardt,
1973.
|
| Serier: | Uni-Taschenbücher,
|
| Fag: | |
| Tags: |
Tilføj Tag
Ingen Tags, Vær først til at tagge denne postø!
|
MARC
| LEADER | 00000nam a22000007a 4500 | ||
|---|---|---|---|
| 003 | CL-VaPUC | ||
| 005 | 20250509152822.0 | ||
| 008 | 250506t1973 ||||| |||| 00| 0 eng d | ||
| 999 | |c 449297 |d 449295 | ||
| 020 | |a 3-497-00695-5 | ||
| 040 | |c Pontificia Universidad Católica de Valparaíso | ||
| 082 | |a 296.155 MAI 1973 | ||
| 100 | |9 367051 |a Maier, Johann |e autor | ||
| 245 | |a Die Qumran-Essener: |b Texte der Schriftrollen und Lebensbild der Gemeinde. | ||
| 260 | |a München, Deutschland: |b Ernst Reinhardt, |c 1973. | ||
| 300 | |a 315 páginas. | ||
| 490 | |a Uni-Taschenbücher, |n 224. | ||
| 500 | |a c.1. Donación libros de R. P Dieter Gustavo Felten (Q.E.P.D) octubre 2024. | ||
| 546 | |a Libro en alemán. | ||
| 583 | |c 20250506 |k Gabriela Rodríguez Cuevas | ||
| 650 | 0 | |9 269348 |a Judaísmo |x Comunidad Qumrán | |
| 650 | 0 | |9 334050 |a Esenios |x Sectas judías | |
| 650 | 0 | |9 315866 |a Manuscritos del Mar Muerto |x Antiguos textos hebreos | |
| 700 | |9 428232 |a Schubert, Kurt |e autor | ||
| 942 | |2 ddc |c BK | ||
| 952 | |0 0 |1 0 |2 ddc |4 0 |6 296_155000000000000_MAI_1973 |7 0 |8 A |9 602906 |a BIBTEO |b BIBTEO |d 2025-05-06 |e Donación |i 5667292 |o 296.155 MAI 1973 |p 5667292 |r 2025-05-06 |t 1 |w 2025-05-06 |y BK |k ICR | ||